タ。たぶん違いがない字について - Statistics

General Stats
  • This quiz has been taken 23 times
  • The average score is 13 of 16
Answer Stats
Question Answer % Correct
カタカナ
86%
漢字
86%
漢字
86%
カタカナ
81%
カタカナ
81%
カタカナ
81%
カタカナ
81%
カタカナ
81%
漢字
81%
漢字
81%
カタカナ
76%
漢字
76%
漢字
76%
漢字
71%
漢字
71%
カタカナ
67%
No matching quizzes found
Score Distribution
Percent of People with Each Score
Percentile by Number Answered
Your Score History
You have not taken this quiz